Geocaching Types - Statistics

General Stats
  • This quiz has been taken 21 times
  • The average score is 9 of 20
Answer Stats
Hint Answer % Correct
Traditional
84%
Event
79%
Multi-Cache
79%
EarthCache
74%
Legacy Virtual
74%
Mystery
68%
Wherigo
58%
Letterbox
53%
Giga Event
47%
Legacy Locationless
47%
Mega Event
47%
Legacy Webcam
42%
Legacy APE
37%
Geocaching HQ/HQ
37%
Adventure Lab
32%
CITO
32%
Community Celebration
32%
Geocaching HQ Block Party
11%
Geocaching HQ Celebration
11%
GPS Adventure Maze Exhibit
5%
No matching quizzes found
Score Distribution
Percent of People with Each Score
Percentile by Number Answered
Your Score History
You have not taken this quiz